| 000 | 00771nam a22002417a 4500 | ||
|---|---|---|---|
| 003 | UA-OsUOA | ||
| 001 | 42823 | ||
| 007 | ta | ||
| 008 | 20061121b un ||||| |||| 00| 0 ukr d | ||
| 100 | _aЛопатина Н. В. | ||
| 090 |
_a316.3/4 _bЛ77 |
||
| 942 | _cBK | ||
| 040 |
_aUA-OsUOA _bukr _cUA-OsUOA _dUA-OsUOA |
||
| 245 |
_aИнформационные специалисты: социология управления _bМонография |
||
| 300 | _a208 с. | ||
| 955 | _a1 | ||
| 041 | _aukr | ||
| 080 | _a316.3/4 | ||
| 020 | _a5-8291-0664-7 | ||
| 260 |
_aМ. _bАкадемический Проект _c2006 |
||
| 650 | 7 |
_a316.3 Соціальна структура. Суспільство як соціальна система _2UDC |
|
| 999 |
_c329022 _d329022 |
||